02222naa a2200157 a 450000100080000000500110000800800410001910000160006024501190007626000090019552016890020465000170189370000160191070000170192677301210194311323562022-09-12 2022 bl uuuu u00u1 u #d1 aS??NEGO, M. aDURA????O DO PER??ODO DE ENCHIMENTO DOS CACHOS DA BANANA 'PRATA AN??' EM CLIMA SUBTROPICAL.h[electronic resource] c2022 aO cultivo de bananas em Santa Catarina ?? praticado ao longo do litoral, que possui clima do tipo subtropical ??mido com ver??o quente (Cfa) e apresenta menor risco de geadas durante o inverno quando comparado ao restante do estado (THOM?? et al., 1999). Nessa regi??o o ver??o costuma ser quente, com temperatura m??dia mensal de 24-25??C em janeiro/fevereiro, e o inverno ?? frio com temperatura m??dia mensal de 15-16??C em junho/julho. Esta oscila????o de temperatura faz com que a bananeira tenha um ritmo de crescimento maior no ver??o do que no inverno, sendo que as plantas emitem at?? 4 folhas novas em janeiro e, menos de uma folha nova em junho (S??NEGO et al., 2008). O per??odo de enchimento do cacho tamb??m ?? influenciado pela temperatura (ROBINSON, 1996). O per??odo de enchimento do cacho pode ser considerado como o n??mero de dias entre o aparecimento da infloresc??ncia no ??pice da planta e a colheita do cacho de banana. Quanto mais tempo o cacho fica exposto no bananal, maior o risco de danos por sujeiras, p??ssaros, fungos. Os cachos que enchem no per??odo de inverno est??o sujeitos aos danos de frio (chilling), e at?? mesmo ?? perda total caso ocorra temperatura de congelamento das c??lulas da casca (geada). A data de emiss??o do cacho pode servir de guia para o produtor manejar o bananal e escolher a melhor ??poca de colheita, quando os pre??os historicamente costumam ser melhores. Este artigo mostra resultados do per??odo de enchimento de cachos de banana do cultivar ?Prata An???, na Esta????o Experimental da EPAGRI em Urussanga-SC, entre os anos de 2017 a 2019, em seu quarto ano de produ????o, para cachos emitidos em diferentes meses do ano. afruticultura1 aBACK, A. J.1 aPETRY, H. B. tIn: CONGRESSO BRASILEIRO DE FRUTICULTURA, 27., 2022, Florian??polis. ANAIS... Jaboticabal, SP: SBF, 2022. p. 118-121